[Event "DEM U18 2024"]
[Site "Willingen GER"]
[Date "2024.05.20"]
[Round "3"]
[White "Metzdorf, Matteo"]
[Black "Passin, Connor"]
[Result "1/2-1/2"]
[Termination "normal"]
[Board "11"]
[WhiteElo "2131"]
[BlackElo "1882"]
[WhiteClock "00:03:33"]
[BlackClock "00:03:06"]
[PlyCount "156"]
[WhiteFideId "16209869"]
[BlackFideId "16259459"]
[EventCountry "GER"]
[EventRounds "9"]
[EventType "swiss"]
[EventDate "2024.05.18"]

1. e4 {[%clk 01:30:56]} {[%emt 00:00:03]} e5 {[%clk 01:30:46]} {[%emt
00:00:15]} 2. Nf3 {[%clk 01:31:19]} {[%emt 00:00:07]} Nc6 {[%clk 01:31:02]}
{[%emt 00:00:14]} 3. Bb5 {[%clk 01:31:39]} {[%emt 00:00:09]} f5 {[%clk
01:30:39]} {[%emt 00:00:53]} 4. d3 {[%clk 01:29:35]} {[%emt 00:02:34]} fxe4
{[%clk 01:30:49]} {[%emt 00:00:21]} 5. dxe4 {[%clk 01:30:00]} {[%emt 00:00:05]}
Nf6 {[%clk 01:31:04]} {[%emt 00:00:15]} 6. Qd3 {[%clk 01:22:20]} {[%emt
00:08:10]} Bb4+ {[%clk 01:12:22]} {[%emt 00:19:12]} 7. c3 {[%clk 00:53:49]}
{[%emt 00:29:01]} Bc5 {[%clk 01:08:27]} {[%emt 00:04:25]} 8. Qc4 {[%clk
00:50:36]} {[%emt 00:03:43]} Qe7 {[%clk 00:58:43]} {[%emt 00:10:13]} 9. b4
{[%clk 00:43:36]} {[%emt 00:07:30]} Nxb4 {[%clk 00:32:33]} {[%emt 00:26:40]}
10. cxb4 {[%clk 00:40:28]} {[%emt 00:03:39]} Bxb4+ {[%clk 00:31:27]} {[%emt
00:01:35]} 11. Bd2 {[%clk 00:36:13]} {[%emt 00:04:45]} Bxd2+ {[%clk 00:29:00]}
{[%emt 00:02:57]} 12. Nbxd2 {[%clk 00:33:46]} {[%emt 00:02:57]} c6 {[%clk
00:25:26]} {[%emt 00:04:04]} 13. Rc1 {[%clk 00:16:29]} {[%emt 00:17:47]} a6
{[%clk 00:23:50]} {[%emt 00:02:06]} 14. a4 {[%clk 00:14:42]} {[%emt 00:02:18]}
axb5 {[%clk 00:16:58]} {[%emt 00:07:22]} 15. axb5 {[%clk 00:14:56]} {[%emt
00:00:16]} c5 {[%clk 00:15:42]} {[%emt 00:01:46]} 16. Qd3 {[%clk 00:08:01]}
{[%emt 00:07:25]} d5 {[%clk 00:11:52]} {[%emt 00:04:19]} 17. O-O {[%clk
00:07:01]} {[%emt 00:01:31]} c4 {[%clk 00:06:58]} {[%emt 00:05:24]} 18. Qc2
{[%clk 00:04:21]} {[%emt 00:03:09]} Bg4 {[%clk 00:03:23]} {[%emt 00:04:05]} 19.
exd5 {[%clk 00:03:48]} {[%emt 00:01:04]} O-O {[%clk 00:02:28]} {[%emt
00:01:25]} 20. Qxc4 {[%clk 00:03:45]} {[%emt 00:00:32]} Qd6 {[%clk 00:02:03]}
{[%emt 00:00:55]} 21. h3 {[%clk 00:00:43]} {[%emt 00:03:32]} Bh5 {[%clk
00:02:01]} {[%emt 00:00:33]} 22. Rfe1 {[%clk 00:00:43]} {[%emt 00:00:30]} Rae8
{[%clk 00:01:52]} {[%emt 00:00:39]} 23. Qc5 {[%clk 00:00:38]} {[%emt 00:00:35]}
Qxc5 {[%clk 00:00:55]} {[%emt 00:01:26]} 24. Rxc5 {[%clk 00:01:07]} {[%emt
00:00:02]} b6 {[%clk 00:00:51]} {[%emt 00:00:33]} 25. Rc6 {[%clk 00:01:13]}
{[%emt 00:00:24]} e4 {[%clk 00:00:51]} {[%emt 00:00:30]} 26. Ng5 {[%clk
00:00:54]} {[%emt 00:00:49]} Re5 {[%clk 00:00:47]} {[%emt 00:00:34]} 27. Ngxe4
{[%clk 00:00:48]} {[%emt 00:00:36]} Nxd5 {[%clk 00:00:55]} {[%emt 00:00:23]}
28. Nc4 {[%clk 00:00:46]} {[%emt 00:00:31]} Ree8 {[%clk 00:00:47]} {[%emt
00:00:37]} 29. Nxb6 {[%clk 00:00:49]} {[%emt 00:00:29]} Nf4 {[%clk 00:00:31]}
{[%emt 00:00:46]} 30. f3 {[%clk 00:00:48]} {[%emt 00:00:30]} Nxg2 {[%clk
00:00:46]} {[%emt 00:00:15]} 31. Kxg2 {[%clk 00:00:37]} {[%emt 00:00:41]} Bxf3+
{[%clk 00:01:12]} {[%emt 00:00:05]} 32. Kg1 {[%clk 00:00:43]} {[%emt 00:00:23]}
Bxe4 {[%clk 00:01:35]} {[%emt 00:00:08]} 33. Rc4 {[%clk 00:00:35]} {[%emt
00:00:37]} Bd3 {[%clk 00:01:40]} {[%emt 00:00:26]} 34. Rxe8 {[%clk 00:00:40]}
{[%emt 00:00:25]} Rxe8 {[%clk 00:02:09]} {[%emt 00:00:01]} 35. Rc5 {[%clk
00:00:43]} {[%emt 00:00:27]} Rb8 {[%clk 00:02:10]} {[%emt 00:00:28]} 36. Rd5
{[%clk 00:00:33]} {[%emt 00:00:40]} Rxb6 {[%clk 00:02:13]} {[%emt 00:00:28]}
37. Rxd3 {[%clk 00:00:57]} {[%emt 00:00:06]} Rxb5 {[%clk 00:02:40]} {[%emt
00:00:03]} 38. Rd7 {[%clk 00:01:00]} {[%emt 00:00:27]} Rb2 {[%clk 00:02:58]}
{[%emt 00:00:11]} 39. Ra7 {[%clk 00:01:18]} {[%emt 00:00:12]} h6 {[%clk
00:03:15]} {[%emt 00:00:13]} 40. Rc7 {[%clk 00:01:22]} {[%emt 00:00:26]} Kh7
{[%clk 00:03:27]} {[%emt 00:00:18]} 41. Rc6 {[%clk 00:29:40]} {[%emt 00:02:12]}
h5 {[%clk 00:29:46]} {[%emt 00:04:12]} 42. Rd6 {[%clk 00:29:12]} {[%emt
00:00:58]} g6 {[%clk 00:29:57]} {[%emt 00:00:18]} 43. Ra6 {[%clk 00:29:10]}
{[%emt 00:00:32]} Kh6 {[%clk 00:30:02]} {[%emt 00:00:25]} 44. Ra5 {[%clk
00:29:25]} {[%emt 00:00:15]} Re2 {[%clk 00:24:47]} {[%emt 00:05:43]} 45. Rb5
{[%clk 00:29:25]} {[%emt 00:00:31]} Kg7 {[%clk 00:25:02]} {[%emt 00:00:15]} 46.
Rb6 {[%clk 00:28:43]} {[%emt 00:01:13]} Kf7 {[%clk 00:24:22]} {[%emt 00:01:09]}
47. Ra6 {[%clk 00:28:11]} {[%emt 00:01:03]} Re6 {[%clk 00:24:03]} {[%emt
00:00:50]} 48. Ra5 {[%clk 00:28:03]} {[%emt 00:00:37]} Kf6 {[%clk 00:24:02]}
{[%emt 00:00:31]} 49. Kg2 {[%clk 00:27:58]} {[%emt 00:00:35]} Re5 {[%clk
00:23:03]} {[%emt 00:01:29]} 50. Ra4 {[%clk 00:27:07]} {[%emt 00:01:21]} Rb5
{[%clk 00:22:01]} {[%emt 00:01:32]} 51. Rc4 {[%clk 00:16:06]} {[%emt 00:11:31]}
Kf5 {[%clk 00:20:42]} {[%emt 00:01:50]} 52. h4 {[%clk 00:08:03]} {[%emt
00:08:32]} Rd5 {[%clk 00:18:26]} {[%emt 00:02:45]} 53. Kg3 {[%clk 00:07:40]}
{[%emt 00:00:54]} Rd3+ {[%clk 00:18:32]} {[%emt 00:00:24]} 54. Kg2 {[%clk
00:07:54]} {[%emt 00:00:16]} Re3 {[%clk 00:17:45]} {[%emt 00:01:17]} 55. Rc5+
{[%clk 00:05:49]} {[%emt 00:02:35]} Re5 {[%clk 00:12:52]} {[%emt 00:05:23]} 56.
Rc4 {[%clk 00:05:19]} {[%emt 00:01:00]} Rd5 {[%clk 00:06:35]} {[%emt 00:06:46]}
57. Kg3 {[%clk 00:05:05]} {[%emt 00:00:44]} Rd3+ {[%clk 00:06:51]} {[%emt
00:00:15]} 58. Kg2 {[%clk 00:05:29]} {[%emt 00:00:06]} Re3 {[%clk 00:06:53]}
{[%emt 00:00:28]} 59. Rc5+ {[%clk 00:05:39]} {[%emt 00:00:20]} Kf4 {[%clk
00:05:30]} {[%emt 00:01:52]} 60. Rg5 {[%clk 00:04:16]} {[%emt 00:01:54]} Re6
{[%clk 00:04:36]} {[%emt 00:01:25]} 61. Kf2 {[%clk 00:03:26]} {[%emt 00:01:19]}
Rb6 {[%clk 00:04:58]} {[%emt 00:00:08]} 62. Kg2 {[%clk 00:03:20]} {[%emt
00:00:36]} Rb2+ {[%clk 00:04:54]} {[%emt 00:00:34]} 63. Kg1 {[%clk 00:03:22]}
{[%emt 00:00:28]} Rb6 {[%clk 00:04:17]} {[%emt 00:01:06]} 64. Kg2 {[%clk
00:03:46]} {[%emt 00:00:06]} Ke3 {[%clk 00:03:38]} {[%emt 00:01:09]} 65. Re5+
{[%clk 00:03:33]} {[%emt 00:00:44]} Kf4 {[%clk 00:03:06]} {[%emt 00:01:02]} 66.
Rg5 {[%emt 00:03:34]} 1/2-1/2

[Event "DEM U18 2024"]
[Site "Willingen GER"]
[Date "2024.05.20"]
[Round "3"]
[White "Demchenko, Yaroslav"]
[Black "Storm, Max"]
[Result "1-0"]
[Termination "normal"]
[Board "12"]
[WhiteElo "1996"]
[BlackElo "1903"]
[WhiteClock "00:09:18"]
[BlackClock "00:15:40"]
[PlyCount "117"]
[WhiteFideId "14186667"]
[BlackFideId "34625658"]
[EventCountry "GER"]
[EventRounds "9"]
[EventType "swiss"]
[EventDate "2024.05.18"]

1. e4 {[%clk 01:30:57]} {[%emt 00:00:02]} c5 {[%clk 01:30:53]} {[%emt
00:00:07]} 2. Nf3 {[%clk 01:31:10]} {[%emt 00:00:17]} Nc6 {[%clk 01:31:17]}
{[%emt 00:00:06]} 3. d4 {[%clk 01:31:36]} {[%emt 00:00:05]} cxd4 {[%clk
01:31:41]} {[%emt 00:00:06]} 4. Nxd4 {[%clk 01:32:03]} {[%emt 00:00:03]} Nf6
{[%clk 01:31:59]} {[%emt 00:00:11]} 5. Nc3 {[%clk 01:31:13]} {[%emt 00:01:20]}
e6 {[%clk 01:32:22]} {[%emt 00:00:07]} 6. Ndb5 {[%clk 01:30:56]} {[%emt
00:00:48]} Bc5 {[%clk 01:32:21]} {[%emt 00:00:29]} 7. Bf4 {[%clk 01:30:58]}
{[%emt 00:00:29]} O-O {[%clk 01:32:39]} {[%emt 00:00:11]} 8. Bc7 {[%clk
01:31:23]} {[%emt 00:00:06]} Qe7 {[%clk 01:32:50]} {[%emt 00:00:18]} 9. Bd6
{[%clk 01:31:36]} {[%emt 00:00:18]} Bxd6 {[%clk 01:33:12]} {[%emt 00:00:08]}
10. Qxd6 {[%clk 01:31:59]} {[%emt 00:00:08]} Qd8 {[%clk 01:32:16]} {[%emt
00:01:25]} 11. O-O-O {[%clk 01:31:53]} {[%emt 00:00:36]} a6 {[%clk 01:28:18]}
{[%emt 00:04:28]} 12. Nd4 {[%clk 01:31:06]} {[%emt 00:01:17]} Ne7 {[%clk
01:27:58]} {[%emt 00:00:50]} 13. Qg3 {[%clk 01:28:21]} {[%emt 00:03:15]} b5
{[%clk 01:14:46]} {[%emt 00:13:42]} 14. e5 {[%clk 01:19:18]} {[%emt 00:09:33]}
Nfd5 {[%clk 01:09:43]} {[%emt 00:05:33]} 15. Ne4 {[%clk 01:04:00]} {[%emt
00:15:49]} Qa5 {[%clk 01:04:39]} {[%emt 00:05:33]} 16. Kb1 {[%clk 00:57:08]}
{[%emt 00:07:22]} Bb7 {[%clk 00:59:30]} {[%emt 00:05:38]} 17. Nd6 {[%clk
00:50:05]} {[%emt 00:07:34]} Rab8 {[%clk 00:55:51]} {[%emt 00:04:09]} 18. f4
{[%clk 00:44:27]} {[%emt 00:06:08]} f5 {[%clk 00:48:08]} {[%emt 00:08:12]} 19.
exf6 {[%clk 00:43:16]} {[%emt 00:01:42]} Rxf6 {[%clk 00:47:57]} {[%emt
00:00:40]} 20. f5 {[%clk 00:37:59]} {[%emt 00:05:48]} b4 {[%clk 00:20:57]}
{[%emt 00:27:30]} 21. fxe6 {[%clk 00:20:44]} {[%emt 00:17:46]} Rg6 {[%clk
00:11:56]} {[%emt 00:09:30]} 22. Nxb7 {[%clk 00:08:25]} {[%emt 00:12:49]} Rxb7
{[%clk 00:10:10]} {[%emt 00:02:16]} 23. Qf3 {[%clk 00:05:53]} {[%emt 00:03:02]}
Rf6 {[%clk 00:09:17]} {[%emt 00:01:22]} 24. Nb3 {[%clk 00:06:11]} {[%emt
00:00:13]} Qc7 {[%clk 00:08:10]} {[%emt 00:01:37]} 25. Qg3 {[%clk 00:05:18]}
{[%emt 00:01:23]} Qxg3 {[%clk 00:06:01]} {[%emt 00:02:38]} 26. hxg3 {[%clk
00:05:44]} {[%emt 00:00:05]} dxe6 {[%clk 00:05:30]} {[%emt 00:01:01]} 27. Bxa6
{[%clk 00:05:39]} {[%emt 00:00:35]} Rb6 {[%clk 00:05:19]} {[%emt 00:00:41]} 28.
Bd3 {[%clk 00:06:00]} {[%emt 00:00:09]} h6 {[%clk 00:05:21]} {[%emt 00:00:28]}
29. Rhe1 {[%clk 00:04:11]} {[%emt 00:02:19]} Rc6 {[%clk 00:03:35]} {[%emt
00:02:15]} 30. Nd4 {[%clk 00:04:16]} {[%emt 00:00:25]} Rd6 {[%clk 00:03:47]}
{[%emt 00:00:18]} 31. Nf3 {[%clk 00:03:00]} {[%emt 00:01:47]} Nc6 {[%clk
00:03:37]} {[%emt 00:00:39]} 32. Kc1 {[%clk 00:02:05]} {[%emt 00:01:27]} Kf7
{[%clk 00:03:48]} {[%emt 00:00:18]} 33. Bb5 {[%clk 00:02:09]} {[%emt 00:00:27]}
Na7 {[%clk 00:03:31]} {[%emt 00:00:46]} 34. Ne5+ {[%clk 00:02:31]} {[%emt
00:00:07]} Ke7 {[%clk 00:03:47]} {[%emt 00:00:14]} 35. Bc4 {[%clk 00:02:56]}
{[%emt 00:00:05]} Nb6 {[%clk 00:03:34]} {[%emt 00:00:43]} 36. Bd3 {[%clk
00:02:17]} {[%emt 00:01:10]} Nc6 {[%clk 00:03:30]} {[%emt 00:00:34]} 37. Ng4
{[%clk 00:01:44]} {[%emt 00:01:02]} Rf8 {[%clk 00:03:52]} {[%emt 00:00:08]} 38.
Ne3 {[%clk 00:02:10]} {[%emt 00:00:05]} Kd7 {[%clk 00:03:43]} {[%emt 00:00:39]}
39. Rf1 {[%clk 00:01:47]} {[%emt 00:00:52]} Rxf1 {[%clk 00:02:59]} {[%emt
00:01:14]} 40. Bxf1 {[%clk 00:01:24]} {[%emt 00:00:54]} Rxd1+ {[%clk 00:01:01]}
{[%emt 00:02:29]} 41. Kxd1 {[%clk 00:01:49]} {[%emt 00:00:04]} Kd6 {[%clk
00:24:34]} {[%emt 00:06:57]} 42. Kd2 {[%clk 00:31:37]} {[%emt 00:00:42]} Ke5
{[%clk 00:21:25]} {[%emt 00:03:38]} 43. c3 {[%clk 00:30:28]} {[%emt 00:01:40]}
Nd5 {[%clk 00:20:32]} {[%emt 00:01:22]} 44. Nc4+ {[%clk 00:25:22]} {[%emt
00:05:37]} Kf5 {[%clk 00:20:41]} {[%emt 00:00:20]} 45. cxb4 {[%clk 00:25:47]}
{[%emt 00:00:07]} Ncxb4 {[%clk 00:20:14]} {[%emt 00:00:57]} 46. a3 {[%clk
00:25:57]} {[%emt 00:00:20]} Nc6 {[%clk 00:20:05]} {[%emt 00:00:38]} 47. Be2
{[%clk 00:25:57]} {[%emt 00:00:30]} g5 {[%clk 00:17:52]} {[%emt 00:02:43]} 48.
Bf3 {[%clk 00:19:06]} {[%emt 00:07:21]} Nd4 {[%clk 00:16:57]} {[%emt 00:01:23]}
49. Ne3+ {[%clk 00:18:59]} {[%emt 00:00:39]} Nxe3 {[%clk 00:16:49]} {[%emt
00:00:38]} 50. Kxe3 {[%clk 00:19:23]} {[%emt 00:00:06]} e5 {[%clk 00:16:59]}
{[%emt 00:00:20]} 51. a4 {[%clk 00:18:05]} {[%emt 00:01:48]} Nc2+ {[%clk
00:16:30]} {[%emt 00:00:59]} 52. Kd2 {[%clk 00:17:07]} {[%emt 00:01:28]} Nd4
{[%clk 00:16:31]} {[%emt 00:00:29]} 53. Kd3 {[%clk 00:16:45]} {[%emt 00:00:51]}
Nb3 {[%clk 00:16:04]} {[%emt 00:00:57]} 54. Ke3 {[%clk 00:10:27]} {[%emt
00:06:49]} e4 {[%clk 00:14:43]} {[%emt 00:01:51]} 55. Bxe4+ {[%clk 00:10:43]}
{[%emt 00:00:14]} Kg4 {[%clk 00:15:08]} {[%emt 00:00:04]} 56. Bd5 {[%clk
00:09:45]} {[%emt 00:01:28]} Nc5 {[%clk 00:15:17]} {[%emt 00:00:22]} 57. a5
{[%clk 00:10:07]} {[%emt 00:00:08]} Kxg3 {[%clk 00:15:28]} {[%emt 00:00:19]}
58. b4 {[%clk 00:10:23]} {[%emt 00:00:14]} Nd7 {[%clk 00:15:40]} {[%emt
00:00:17]} 59. a6 {[%clk 00:09:18]} {[%emt 00:01:36]} 1-0

[Event "DEM U18 2024"]
[Site "Willingen GER"]
[Date "2024.05.20"]
[Round "3"]
[White "Abou Wally, Adrian"]
[Black "Prieb, Robert"]
[Result "1/2-1/2"]
[Termination "normal"]
[Board "13"]
[BlackTitle "CM"]
[WhiteElo "1917"]
[BlackElo "2105"]
[WhiteClock "00:24:42"]
[BlackClock "00:43:06"]
[PlyCount "41"]
[WhiteFideId "16245113"]
[BlackFideId "16212002"]
[EventCountry "GER"]
[EventRounds "9"]
[EventType "swiss"]
[EventDate "2024.05.18"]

1. e4 {[%clk 01:30:59]} c5 {[%clk 01:30:53]} {[%emt 00:00:07]} 2. Nc3 {[%clk
01:31:25]} {[%emt 00:00:05]} d6 {[%clk 01:31:07]} {[%emt 00:00:15]} 3. d4
{[%clk 01:31:48]} {[%emt 00:00:07]} cxd4 {[%clk 01:30:22]} {[%emt 00:01:15]} 4.
Qxd4 {[%clk 01:32:14]} {[%emt 00:00:05]} Nc6 {[%clk 01:29:46]} {[%emt
00:01:05]} 5. Qd2 {[%clk 01:32:40]} {[%emt 00:00:04]} g6 {[%clk 01:29:08]}
{[%emt 00:01:08]} 6. b3 {[%clk 01:32:50]} {[%emt 00:00:20]} Bh6 {[%clk
01:28:21]} {[%emt 00:01:17]} 7. f4 {[%clk 01:32:21]} {[%emt 00:01:00]} Nf6
{[%clk 01:28:28]} {[%emt 00:00:21]} 8. Bb2 {[%clk 01:30:34]} {[%emt 00:02:19]}
O-O {[%clk 01:28:28]} {[%emt 00:00:29]} 9. O-O-O {[%clk 01:28:56]} {[%emt
00:02:09]} e5 {[%clk 01:28:07]} {[%emt 00:00:50]} 10. g3 {[%clk 01:23:15]}
{[%emt 00:06:12]} Re8 {[%clk 01:27:43]} {[%emt 00:00:53]} 11. Bg2 {[%clk
01:12:03]} {[%emt 00:11:43]} exf4 {[%clk 01:27:24]} {[%emt 00:00:49]} 12. gxf4
{[%clk 01:12:26]} {[%emt 00:00:07]} Bg4 {[%clk 01:27:03]} {[%emt 00:00:50]} 13.
Rf1 {[%clk 01:07:31]} {[%emt 00:05:25]} b5 {[%clk 01:03:39]} {[%emt 00:23:54]}
14. Kb1 {[%clk 00:59:59]} {[%emt 00:08:02]} Rc8 {[%clk 00:50:24]} {[%emt
00:13:46]} 15. Nd5 {[%clk 00:54:25]} {[%emt 00:06:04]} Bg7 {[%clk 00:50:15]}
{[%emt 00:00:38]} 16. h3 {[%clk 00:50:43]} {[%emt 00:04:12]} Bh5 {[%clk
00:49:08]} {[%emt 00:01:37]} 17. Qc3 {[%clk 00:43:43]} {[%emt 00:07:30]} b4
{[%clk 00:41:56]} {[%emt 00:07:43]} 18. Qxf6 {[%clk 00:23:40]} {[%emt
00:20:33]} Bxf6 {[%clk 00:42:17]} {[%emt 00:00:09]} 19. Nxf6+ {[%clk 00:24:02]}
{[%emt 00:00:08]} Kf8 {[%clk 00:42:42]} {[%emt 00:00:04]} 20. Nxh7+ {[%clk
00:24:20]} {[%emt 00:00:12]} Kg8 {[%clk 00:43:06]} {[%emt 00:00:06]} 21. Nf6+
{[%clk 00:24:42]} {[%emt 00:00:08]} 1/2-1/2

[Event "DEM U18 2024"]
[Site "Willingen GER"]
[Date "2024.05.20"]
[Round "3"]
[White "Scharf, Christian"]
[Black "Hoffmann, Kay"]
[Result "1/2-1/2"]
[Termination "normal"]
[Board "14"]
[WhiteElo "1819"]
[BlackElo "2047"]
[WhiteClock "00:02:59"]
[BlackClock "00:54:42"]
[PlyCount "113"]
[WhiteFideId "16266110"]
[BlackFideId "16227000"]
[EventCountry "GER"]
[EventRounds "9"]
[EventType "swiss"]
[EventDate "2024.05.18"]

1. e4 {[%clk 01:30:56]} {[%emt 00:00:03]} e5 {[%clk 01:30:56]} {[%emt
00:00:05]} 2. Nf3 {[%clk 01:31:21]} {[%emt 00:00:06]} Nf6 {[%clk 01:31:23]}
{[%emt 00:00:03]} 3. Nxe5 {[%clk 01:31:09]} {[%emt 00:00:42]} d6 {[%clk
01:31:46]} {[%emt 00:00:08]} 4. Nf3 {[%clk 01:31:30]} {[%emt 00:00:06]} Nxe4
{[%clk 01:32:11]} {[%emt 00:00:06]} 5. d4 {[%clk 01:31:13]} {[%emt 00:00:48]}
d5 {[%clk 01:32:36]} {[%emt 00:00:05]} 6. Bd3 {[%clk 01:31:01]} {[%emt
00:00:41]} Bd6 {[%clk 01:33:02]} {[%emt 00:00:06]} 7. O-O {[%clk 01:30:51]}
{[%emt 00:00:38]} O-O {[%clk 01:33:26]} {[%emt 00:00:06]} 8. c4 {[%clk
01:30:20]} {[%emt 00:01:01]} c6 {[%clk 01:33:53]} {[%emt 00:00:04]} 9. Qc2
{[%clk 01:29:26]} {[%emt 00:01:23]} Na6 {[%clk 01:33:00]} {[%emt 00:01:24]} 10.
a3 {[%clk 01:29:18]} {[%emt 00:00:37]} Bg4 {[%clk 01:32:14]} {[%emt 00:01:17]}
11. Ne5 {[%clk 01:27:46]} {[%emt 00:02:01]} Bf5 {[%clk 01:32:12]} {[%emt
00:00:33]} 12. Nc3 {[%clk 01:24:02]} {[%emt 00:04:13]} Bxe5 {[%clk 01:29:47]}
{[%emt 00:02:57]} 13. dxe5 {[%clk 01:23:13]} {[%emt 00:01:17]} Nac5 {[%clk
01:30:03]} {[%emt 00:00:14]} 14. f4 {[%clk 00:52:37]} {[%emt 00:31:05]} Nxd3
{[%clk 01:26:34]} {[%emt 00:04:01]} 15. Qxd3 {[%clk 00:52:09]} {[%emt
00:00:56]} dxc4 {[%clk 01:26:42]} {[%emt 00:00:23]} 16. Qxd8 {[%clk 00:32:56]}
{[%emt 00:19:42]} Rfxd8 {[%clk 01:25:37]} {[%emt 00:01:35]} 17. g4 {[%clk
00:30:55]} {[%emt 00:02:31]} Nxc3 {[%clk 01:24:39]} {[%emt 00:01:29]} 18. gxf5
{[%clk 00:31:15]} {[%emt 00:00:10]} Ne2+ {[%clk 01:23:55]} {[%emt 00:01:15]}
19. Kf2 {[%clk 00:25:17]} {[%emt 00:06:27]} Nxc1 {[%clk 01:23:33]} {[%emt
00:00:52]} 20. Raxc1 {[%clk 00:24:37]} {[%emt 00:01:10]} Rd2+ {[%clk 01:23:33]}
{[%emt 00:00:31]} 21. Kg3 {[%clk 00:24:54]} {[%emt 00:00:13]} Rxb2 {[%clk
01:20:42]} {[%emt 00:03:21]} 22. Rxc4 {[%clk 00:25:12]} {[%emt 00:00:10]} Rd8
{[%clk 01:18:29]} {[%emt 00:02:44]} 23. e6 {[%clk 00:21:19]} {[%emt 00:04:23]}
Rd3+ {[%clk 01:09:46]} {[%emt 00:09:13]} 24. Rf3 {[%clk 00:21:36]} {[%emt
00:00:13]} Rbb3 {[%clk 01:08:16]} {[%emt 00:02:01]} 25. Rxd3 {[%clk 00:21:49]}
{[%emt 00:00:17]} Rxd3+ {[%clk 01:08:41]} {[%emt 00:00:05]} 26. Kf2 {[%clk
00:19:01]} {[%emt 00:03:17]} Kf8 {[%clk 01:08:42]} {[%emt 00:00:30]} 27. a4
{[%clk 00:18:19]} {[%emt 00:01:11]} Rd5 {[%clk 01:07:26]} {[%emt 00:01:47]} 28.
Rb4 {[%clk 00:12:40]} {[%emt 00:06:08]} b5 {[%clk 01:07:44]} {[%emt 00:00:13]}
29. axb5 {[%clk 00:12:58]} {[%emt 00:00:12]} cxb5 {[%clk 01:08:09]} {[%emt
00:00:05]} 30. Ke3 {[%clk 00:11:21]} {[%emt 00:02:05]} Rxf5 {[%clk 01:07:57]}
{[%emt 00:00:43]} 31. exf7 {[%clk 00:11:26]} {[%emt 00:00:25]} Kxf7 {[%clk
01:08:19]} {[%emt 00:00:08]} 32. Rb2 {[%clk 00:10:23]} {[%emt 00:01:33]} a5
{[%clk 01:06:12]} {[%emt 00:02:38]} 33. Ke4 {[%clk 00:09:25]} {[%emt 00:01:28]}
g6 {[%clk 01:06:34]} {[%emt 00:00:07]} 34. Rc2 {[%clk 00:09:11]} {[%emt
00:00:44]} Kg7 {[%clk 01:05:26]} {[%emt 00:01:38]} 35. Rc6 {[%clk 00:08:16]}
{[%emt 00:01:25]} a4 {[%clk 00:58:39]} {[%emt 00:07:18]} 36. Ra6 {[%clk
00:08:08]} {[%emt 00:00:37]} Rc5 {[%clk 00:58:56]} {[%emt 00:00:13]} 37. Ra7+
{[%clk 00:07:21]} {[%emt 00:01:18]} Kh6 {[%clk 00:59:16]} {[%emt 00:00:09]} 38.
Ra5 {[%clk 00:07:17]} {[%emt 00:00:34]} Rc4+ {[%clk 00:59:05]} {[%emt
00:00:42]} 39. Ke5 {[%clk 00:06:01]} {[%emt 00:01:45]} Rb4 {[%clk 00:58:27]}
{[%emt 00:01:08]} 40. f5 {[%clk 00:04:48]} {[%emt 00:01:43]} Kg5 {[%clk
00:57:10]} {[%emt 00:01:47]} 41. f6 {[%clk 00:02:32]} {[%emt 00:02:46]} Rf4
{[%clk 00:40:50]} {[%emt 00:16:50]} 42. h4 {[%clk 00:02:20]} {[%emt 00:00:42]}
Rxh4 {[%clk 00:41:14]} {[%emt 00:00:07]} 43. Rxb5 {[%clk 00:26:04]} {[%emt
00:06:45]} Rf4 {[%clk 01:08:45]} {[%emt 00:02:59]} 44. Ke6+ {[%clk 00:26:13]}
{[%emt 00:00:22]} Kh6 {[%clk 01:09:07]} {[%emt 00:00:07]} 45. Rb8 {[%clk
00:19:54]} {[%emt 00:06:49]} a3 {[%clk 01:06:58]} {[%emt 00:02:39]} 46. Ra8
{[%clk 00:13:03]} {[%emt 00:07:21]} Rf3 {[%clk 01:07:23]} {[%emt 00:00:05]} 47.
Ke7 {[%clk 00:07:48]} {[%emt 00:05:46]} g5 {[%clk 00:57:25]} {[%emt 00:10:27]}
48. f7 {[%clk 00:08:08]} {[%emt 00:00:10]} g4 {[%clk 00:57:28]} {[%emt
00:00:27]} 49. Rxa3 {[%clk 00:07:40]} {[%emt 00:00:58]} Rxa3 {[%clk 00:56:44]}
{[%emt 00:01:14]} 50. f8=Q+ {[%clk 00:08:03]} {[%emt 00:00:07]} Kh5 {[%clk
00:54:41]} {[%emt 00:02:32]} 51. Qf5+ {[%clk 00:08:04]} {[%emt 00:00:29]} Kh4
{[%clk 00:54:24]} {[%emt 00:00:47]} 52. Qxh7+ {[%clk 00:07:14]} {[%emt
00:01:20]} Kg3 {[%clk 00:54:48]} {[%emt 00:00:07]} 53. Qe4 {[%clk 00:06:38]}
{[%emt 00:01:06]} Rf3 {[%clk 00:54:23]} {[%emt 00:00:55]} 54. Qe1+ {[%clk
00:04:42]} {[%emt 00:02:25]} Kg2 {[%clk 00:54:11]} {[%emt 00:00:42]} 55. Qe2+
{[%clk 00:04:08]} {[%emt 00:01:05]} Kg3 {[%clk 00:54:19]} {[%emt 00:00:22]} 56.
Qe1+ {[%clk 00:02:45]} {[%emt 00:01:53]} Kg2 {[%clk 00:54:42]} {[%emt
00:00:06]} 57. Qe2+ {[%clk 00:02:59]} {[%emt 00:00:17]} 1/2-1/2